000 00554nam a22001937a 4500
003 OSt
005 20260430022252.0
008 260430b |||||||| |||| 00| 0 eng d
020 _a971-8970-93-2
040 _aDWC-Main Lib.
_cOC
082 _aRes. 818.008 G589f 2000
100 _aGonzales, Joselito
245 _aFunny anecdotes/
_cJoselito Gonzales
260 _aManila :
_bM & L Licudine Enterprises,
_cc2000.
300 _a44 p. ;
_c18 cm.
650 _a1. Anecdotes.
700 _aMondejar, Luis Jr.
942 _2ddc
_cBK-0 CIRC
_hRes.
_n0
999 _c10075
_d10075